Student Encounters with Philippine Embroidery in a Tourism Destination: The Case of Lumban, Laguna (Record no. 297125)
[ view plain ]
| 000 -LEADER | |
|---|---|
| fixed length control field | 00490nam a2200121Ia 4500 |
| 008 - FIXED-LENGTH DATA ELEMENTS--GENERAL INFORMATION | |
| fixed length control field | 160712s9999 xx 000 0 und d |
| 100 ## - MAIN ENTRY--PERSONAL NAME | |
| Personal name | Rodriguez, Ma. Corazon P. |
| 245 ## - TITLE STATEMENT | |
| Statement of responsibility, etc | Ma. Corazon P. Rodriguez, |
| Title | Student Encounters with Philippine Embroidery in a Tourism Destination: The Case of Lumban, Laguna |
| 260 ## - PUBLICATION, DISTRIBUTION, ETC. (IMPRINT) | |
| Date of publication, distribution, etc | 2015 |
| Name of publisher, distributor, etc | Social Science Diliman |
| 300 ## - PHYSICAL DESCRIPTION | |
| Extent | vol. 11 no. 1 |
| 650 ## - SUBJECT ADDED ENTRY--TOPICAL TERM | |
| General subdivision | TOURISM |
| 856 ## - ELECTRONIC LOCATION AND ACCESS | |
| Uniform Resource Identifier | <a href="http://journals.upd.edu.ph/index.php/socialsciencediliman/issue/view/477/showToc">http://journals.upd.edu.ph/index.php/socialsciencediliman/issue/view/477/showToc</a> |
| Withdrawn status | Lost status | Damaged status | Home library | Current library | Date acquired | Total Checkouts | Date last seen | Price effective from | Koha item type |
|---|---|---|---|---|---|---|---|---|---|
| College Library | College Library | 07/12/2016 | 07/12/2016 | 07/12/2016 | Filipiniana e-journal articles |